Capital Cities with a J in Its Spelling - Statistics

General Stats
  • This quiz has been taken 75 times
    71 since last reset
  • The average score is 10 of 16
Answer Stats
Answer % Correct
JAKARTA
80%
JERUSALEM
78%
SAN JOSE
78%
ABUJA
70%
DJIBOUTI (CITY)
66%
JUBA
66%
SAINT JOHN'S
66%
LJUBLJANA
64%
SKOPJE
64%
REYKJAVIK
62%
BEIJING
58%
SARAJEVO
52%
BANJUL
50%
SRI JAYAWARDENEPURA KOTTE
48%
N'DJAMENA
44%
MAJURO
38%
No matching quizzes found
Score Distribution
Percent of People with Each Score
Percentile by Number Answered
Your Score History
You have not taken this quiz since the last reset